000 01010nam a2200229 a 4500
001 000043278
005 20250909091242.0
008 140303s2011 sp 000 0 spa d
040 _aDO-SdBNP
_bspia
_cBNPHU
245 0 0 _aSimón Bolivar /
_cedición de Luis Horacio López Dominguez.
260 _aMadrid :
_bAgencia Española de Cooperación Internacional,
_c2011.
300 _a267 p. ;
_c24 cm.
490 1 _aAntología del pensamiento político, social y económico de América latina ;
_v28
490 1 _aCiencias y humanismo
504 _aIncluye referencias bibliográficas y notas al pie de las páginas
504 _aBibliografía : p. 256 -267
500 _aIncluye datos biográficos del autor en al solapa de la cubierta
700 1 _aLópez Dominguez, Luis Horacio
_eed.
_97497
710 2 _aAgencia Española de Cooperación Internacional
_934585
830 0 _aAntología del pensamiento político, social y económico de América latina
_v28
_970870
830 0 _aCiencias y humanismo
_970218
999 _c42767
_d42767